| 000 | 01062nac a22003257a 4500 | ||
|---|---|---|---|
| 001 | BR9904759 | ||
| 003 | BR-BrBNA | ||
| 005 | 20240105122320.0 | ||
| 008 | 230509b bl.|||m| |||| 00| 0 por d | ||
| 040 |
_aBR-BrBNA _bpor _cBiblioteca Nacional de Agricultura |
||
| 072 | _aH10 | ||
| 090 | _a0430 BR9904759 | ||
| 100 | 1 | _aAlmeida, R.P. de | |
| 100 | 1 | _aBraga Sobrinho, R. | |
| 100 | 1 | _aAraujo, L.H.A. | |
| 100 | 1 | _aSouza, J.E.G. de | |
| 100 | 1 | _aDias, J.M. | |
| 110 | 1 |
_aCentro Nacional de Pesquisa do Algodao, Campina Grande, PB (Brasil) _91702 |
|
| 245 | 1 | _aParasitismo de Trichogramma nativo sobre Alabama argillacea, em areas de algodoeiro arboreo | |
| 260 | 3 |
_aCampina Grande, PB (Brasil): _c1998. |
|
| 300 | _a6 p. | ||
| 490 |
_aComunicado Tecnico - Centro Nacional de Pesquisa do Algodao (Brazil) _vno. 98 _x |
||
| 500 | _a11 ref. | ||
| 650 | _aAlgodao Arboreo | ||
| 650 | _aParasitismo | ||
| 650 | _aInseto para Controle Biologico | ||
| 650 | _aCuruquere | ||
| 909 |
_a202312 _bLúcia Elande _c55 _dLúcia Elande |
||
| 942 |
_2AGRIS _n0 _cMS |
||
| 999 |
_c290375 _d290375 |
||